ბათუმის შოთა რუსთაველის სახელმწიფო უნივერსიტეტის ბიბლიოთეკა

Процессы и аппараты нефтеперерабатывающей и нефтехимической промышленности. (ბიბ.ჩანაწერი № 38374)

000 -LEADER
fixed length control field 00839nam a2200217Ia 4500
001 - CONTROL NUMBER
control field 4384
003 - CONTROL NUMBER IDENTIFIER
control field GE_BSU
008 - FIXED-LENGTH DATA ELEMENTS--GENERAL INFORMATION
fixed length control field 181216s||||||||xx |||||||||||||| ||und||
040 ## - CATALOGING SOURCE
Transcribing agency GE_BSU
080 ## - UNIVERSAL DECIMAL CLASSIFICATION NUMBER
Universal Decimal Classification number 665.6(075.8):66
100 ## - MAIN ENTRY--PERSONAL NAME
Personal name Скобло,А.И. Трегубова,И.А. Молоканов,Ю.К.
245 ## - TITLE STATEMENT
Title Процессы и аппараты нефтеперерабатывающей и нефтехимической промышленности.
245 ## - TITLE STATEMENT
Statement of responsibility, etc. Ред. Р.М.Степанова.
250 ## - EDITION STATEMENT
Edition statement 2-е изд. перераб. и доп
260 ## - PUBLICATION, DISTRIBUTION, ETC.
Place of publication, distribution, etc. М.
260 ## - PUBLICATION, DISTRIBUTION, ETC.
Name of publisher, distributor, etc. Химия.
260 ## - PUBLICATION, DISTRIBUTION, ETC.
Date of publication, distribution, etc. 1982.
300 ## - PHYSICAL DESCRIPTION
Extent 584 стр. 20 см.
653 ## - INDEX TERM--UNCONTROLLED
Uncontrolled term Процессы и аппараты нефтеперерабатывающей и нефтехимической промышленности.
942 ## - ADDED ENTRY ELEMENTS (KOHA)
Koha item type წიგნი
ეგზემპლარები
Withdrawn status Lost status Damaged status Not for loan Date acquired Barcode Date last seen Price effective from Koha item type Public note
        2018-12-17 9446 2018-12-17 2018-12-17 წიგნი საცავი